[Event "GER-chT School WK 4"]
[Site "Playchess.com INT"]
[Date "2020.06.16"]
[Round "1.2"]
[White "Huynh, Minh Luka"]
[Black "Miller, Elias"]
[Result "0-1"]
[WhiteElo "1620"]
[BlackElo "1658"]
[PlyCount "82"]
[EventDate "2020.06.16"]
[EventType "team-swiss (blitz)"]
[EventRounds "5"]
[EventCountry "GER"]
[SourceTitle "EXT 2021"]
[Source "ChessBase"]
[SourceDate "2020.10.23"]
[SourceVersion "1"]
[SourceVersionDate "2020.10.23"]
[SourceQuality "1"]
[WhiteTeam "Hamburg H Schmidt Gymn"]
[BlackTeam "Eppendorf Johanneum"]
[WhiteTeamCountry "GER"]
[BlackTeamCountry "GER"]

1. e4 e6 2. d4 d5 3. e5 c5 4. Nf3 Nc6 5. dxc5 Bxc5 6. c4 Qb6 7. Be3 Bxe3 8. fxe3 Qxe3+ 9. Qe2 Qxe2+ 10. Bxe2 dxc4 11. Bxc4 Nge7 12. Nc3 Ng6 13. 0-0 Ngxe5 14. Bb3 Nxf3+ 15. Rxf3 Nd4 16. Rd3 Nxb3 17. axb3 0-0 18. Rad1 b6 19. Nb5 Ba6 20. Nc7 Bxd3 21. Nxa8 Bc2 22. Rd3 Bxd3 23. Nc7 Rc8 24. Nxe6 fxe6 25. Kf2 Bc2 26. b4 a5 27. bxa5 bxa5 28. Ke3 Rb8 29. Kd4 Rxb2 30. Kc3 Ra2 31. g3 a4 32. h4 Bb3 33. Kb4 Rc2 34. Ka3 Rc4 35. Kb2 Kf7 36. Ka3 e5 37. Kb2 e4 38. Kb1 e3 39. Kb2 e2 40. Ka3 e1Q 41. Kb2 Qc1# 0-1